=LDR 00000nam 2200000 4500 =001 NUTBA000000000003762 =005 20200212123857 =035 ##$$a 0010-081400000000607 =008 200212################g##########0#ind## =020 ##$$a 978-979-1211-02-4 =040 ##$$a NBPDMAT =090 ##$$a 372.7 $b Eka l =100 ##$$a Purjiyanta, eka =245 1#$$a Langkah tepat menuju : $b Olimpiade sains /$c Purjiyanta, Eka, Marfu' ah =260 ##$$a Jakarta :$b Azka Press,$c 2007 =300 ##$$a iv, 156 hlm : $b Ilus ; $c 17, 5 x 25 cm =500 ##$$a Bibliografi : hlm. 156 =650 #4$$a Pengetahuan - pendidikan dasar 1 =850 ##$$a NBPDMAT =082 ##$$a 121.372 =084 ##$$a 121.372 PUR l =700 #$$a Marfu'ah =990 ##$$a 21406797 =990 ##$$a 21406798 =990 ##$$a 21406799 =990 ##$$a 21406800 =990 ##$$a 21406801 =990 ##$$a 1201100886 =990 ##$$a 21008444 =990 ##$$a 21406797 =990 ##$$a 21406798 =990 ##$$a 21406799 =990 ##$$a 21406800 =990 ##$$a 21406801 =990 ##$$a 08870887 =990 ##$$a 08880888 =990 ##$$a 21008446 =990 ##$$a 21406797 =990 ##$$a 21406798 =990 ##$$a 21406799 =990 ##$$a 21406800 =990 ##$$a 21406801 =990 ##$$a 21008444 =990 ##$$a 1201100888 =990 ##$$a 21008443 =990 ##$$a 21406797 =990 ##$$a 21406798 =990 ##$$a 21406799 =990 ##$$a 21406800 =990 ##$$a 21406801 =990 ##$$a 21008444 =990 ##$$a 21008446 =990 ##$$a 21406801 =990 ##$$a 21406797 =990 ##$$a 21406798 =990 ##$$a 21406799 =990 ##$$a 21406800 =990 ##$$a 21008444 =990 ##$$a 21008446 =990 ##$$a 21008443 =990 ##$$a 21406800 =990 ##$$a 21406797 =990 ##$$a 21406798 =990 ##$$a 21406799 =990 ##$$a 21406801 =990 ##$$a 21008444 =990 ##$$a 21008446 =990 ##$$a 21008443 =990 ##$$a 21406799 =990 ##$$a 21406797 =990 ##$$a 21406798 =990 ##$$a 21406800 =990 ##$$a 21406801 =990 ##$$a 21008444 =990 ##$$a 21008446 =990 ##$$a 21008443 =990 ##$$a 21406798 =990 ##$$a 21406797 =990 ##$$a 21406799 =990 ##$$a 21406800 =990 ##$$a 21406801 =990 ##$$a 21008444 =990 ##$$a 21008446 =990 ##$$a 21008443 =990 ##$$a 21406797 =990 ##$$a 21406798 =990 ##$$a 21406799 =990 ##$$a 21406800 =990 ##$$a 21406801 =990 ##$$a 21008444 =990 ##$$a 21008446 =990 ##$$a 21008443